000 01053cam a2200325 a 4500
001 25750
003 BD-RjUL
005 20211209050925.0
008 140319r19821910ii 001 0 eng
035 _a(BD-RjUL)25820
040 _aDLC
_cDLC
_dDLC
_dBD-RjUL
_beng
041 _aeng
082 0 0 _a954.13051
_219
_bCOF 1982
100 2 _aCobden-Ramsay, L. E. B.
_979044
245 1 0 _aFeudatory states of Orissa /
_cby L.E.B. Cobden-Ramsay.
250 _a1st ed.
260 _aCalcutta :
_bFirma KLM,
_c1982.
300 _axix, 381 p. ;
_c22 cm.
500 _aRunning title: Orissa feudatory states.
500 _aAt head of title: Bengal gazetteers.
500 _aReprint. Originally published: Calcutta : Bengal Secretariat Book Depot, 1910.
504 _aIncludes index.
651 0 _aOrissa (India)
_xDescription and travel.
_979045
651 0 _aOrissa (India)
_xHistory, Local.
_979046
740 0 _aOrissa feudatory states.
740 0 _aBengal gazetteers.
942 _2ddc
_cBK
999 _c25750
_d25750